书目信息 |
| 题名: |
分析仪器检修指南
|
|
| 作者: | 王化正 , 李玉生 编著 | |
| 分册: | ||
| 出版信息: | 北京 中国石化出版社 1994 |
|
| 页数: | 445 | |
| 开本: | 26cm | |
| 丛书名: | ||
| 单 册: | ||
| 中图分类: | TH83 | |
| 科图分类: | ||
| 主题词: | 分析仪器--成分分析 , 分析仪器 | |
| 电子资源: | ||
| ISBN: | 7-80043-514-8 | |
| 000 | 00619nam0 2200205 450 | |
| 001 | 0754114953 | |
| 005 | 20070929150154.95 | |
| 010 | @a7-80043-514-8 | |
| 100 | @a20070929d km y0chiy0120 ea | |
| 101 | 0 | @achi |
| 200 | 1 | @a分析仪器检修指南@Afen xi yi qi jian xiu zhi nan@f王化正,李玉生 编著@Fwang hua zheng,li yu sheng bian zhu |
| 210 | @a北京@c中国石化出版社@d1994 | |
| 215 | @a445@c插图@d26cm | |
| 606 | 0 | @a分析仪器@x成分分析 |
| 606 | 0 | @a分析仪器 |
| 690 | @aTH83@v3 | |
| 701 | 0 | @a王化正@Awang hua zheng@4编著 |
| 701 | 0 | @a李玉生@Ali yu sheng@4编著 |
| 801 | 0 | @aCN@bPFT@c20070929 |
| 905 | @a213230@dTH83@eh3@f1 | |
| 分析仪器检修指南/王化正,李玉生 编著.-北京:中国石化出版社,1994 |
| 445:插图;26cm |
| ISBN 7-80043-514-8: |
| ● |
| 相关链接 |
|
|
|
|
正题名:分析仪器检修指南
索取号:TH83/h3
 
预约/预借
| 序号 | 登录号 | 条形码 | 馆藏地/架位号 | 状态 | 备注 |
| 1 | 6001534 | 260015343 | 密集书库-化学系/ [索取号:TH83/h3] | 在馆 |